Catalog

Record Details

Catalog Search



Combating prejudices : examples of techniques of intercultural education realised i Czech schools  Cover Image Book Book

Combating prejudices : examples of techniques of intercultural education realised i Czech schools / editor Jan Buryánek ; translated and modified by Tomáš Jacko

Record details

  • Physical Description: 34 stran : ilustrace
  • Publisher: Prague : People in need, 2003

Available copies

  • 6 of 6 copies available at Common Catalog SPOK.

Holds

  • 0 current holds with 6 total copies.
Show Only Available Copies
Location Call Number / Copy Notes Barcode Shelving Location Status Due Date
Varianty Cho Co 4605400577 Šafaříkova 17 - 5. patro, chodba Available -
Varianty Cho Co 4605400580 Šafaříkova 17 - 5. patro, chodba Available -
Varianty Cho Co 4605400581 Šafaříkova 17 - 5. patro, chodba Available -
Varianty Cho Co 4605400582 Šafaříkova 17 - 5. patro, chodba Available -
Varianty Cho Co 4605400583 Šafaříkova 17 - 5. patro, chodba Available -
Varianty Cho Co 4605400584 Šafaříkova 17 - 5. patro, chodba Available -

LDR nam a22 i 4500
00131799
003CZ-PrJAB
00520190512082302.0
007ta
008 s2003 xr e 000 0 eng
040 . ‡aABH006 ‡bcze ‡erda
24510. ‡aCombating prejudices : ‡bexamples of techniques of intercultural education realised i Czech schools / ‡ceditor Jan Buryánek ; translated and modified by Tomáš Jacko
264 1. ‡aPrague : ‡bPeople in need, ‡c2003
300 . ‡a34 stran : ‡bilustrace
336 . ‡atext ‡btxt ‡2rdacontent
338 . ‡asvazek ‡bnc ‡2rdacarrier
6530 . ‡aboj proti předsudkům ‡dinterkulturní vzdělávání ‡aškoly ‡azkušenosti ‡aČeská republika
910 . ‡aABH006
901 . ‡a31799 ‡b ‡c31799 ‡tbiblio

Additional Resources